Perswazyjny telemarketing : 65 narzędzi sprzedaży i obsługi klienta przez telefon do zastosowania od zaraz /

Сохранить в:
Библиографические подробности
Главный автор: Stolarczyk, Bartłomiej (Autor)
Соавтор: Helion (Wydawca)
Формат:
Язык:польский
Опубликовано: Gliwice : Onepress, copyright 2016.
Редактирование:Wydanie II rozszerzone.
Предметы:
Метки: Добавить метку
Нет меток, Требуется 1-ая метка записи!

MARC

LEADER 00000cam a2200000 i 4500
001 991053088453705066
005 20260515100513.0
008 160727s2016 pl |000 0 pol c
009 b0000080208512
015 |a UWD 2023/39910 
020 |a 9788328312883 :  |c zł 39,90 
035 |a 990002542500307664-48omnis_network 
035 |a (Aleph)000254250SGH01 
035 |a xx003764159 
035 |a (PL)b0000080208512 
035 |a (EXLNZ-48OMNIS_NETWORK)9912886960205606 
040 |a SGH  |c SGH  |d WA N 
046 |k 2016 
080 |a 658.8 
084 |a 14 
100 1 |a Stolarczyk, Bartłomiej  |e Autor 
245 1 0 |a Perswazyjny telemarketing :  |b 65 narzędzi sprzedaży i obsługi klienta przez telefon do zastosowania od zaraz /  |c Bartłomiej Stolarczyk. 
250 |a Wydanie II rozszerzone. 
260 |a Gliwice :  |b Onepress,  |c copyright 2016. 
300 |a 208 stron ;  |c 21 cm. 
336 |a Tekst  |b txt  |2 rdacontent 
337 |a Bez urządzenia pośredniczącego  |b n  |2 rdamedia 
338 |a Wolumin  |b nc  |2 rdacarrier 
380 |a Książki 
380 |a Poradniki i przewodniki 
388 1 |a 2001- 
500 |a Na okładce: 15 nowych wskazówek!. 
650 7 |a Obsługa klienta  |2 DBN 
650 7 |a Perswazja  |2 DBN 
650 7 |a Telemarketing  |2 DBN 
655 7 |a Poradnik  |2 DBN 
658 |a Zarządzanie i marketing 
710 2 |a Helion  |e Wydawca  |4 pbl 
942 |2 ddc  |c BK  |n 0 
952 |0 0  |1 0  |2 ddc  |4 0  |6 W__8_000000000000000  |7 0  |9 12  |a WRO  |b WRO  |d 2026-04-10  |e da  |g 10.00  |i WRO-008  |l 0  |o W.8  |p 2000100000083  |r 2026-04-10 23:27:00  |v 10.00  |w 2026-04-10  |y BK 
999 |c 12  |d 12